Albumy Taco Hemingway - Statystyki

Ogólne statystyki
  • Ten quiz został rozwiązany 116 razy
  • Średni wynik to 53 z 91
Statystyki odpowiedzi
Album Piosenka % Poprawnych
Cafe Belga Cafe Belga
90%
Deszcz Na Betonie (?)
84%
Marmur Marmur
84%
W PIĄTKI LEŻĘ W WANNIE
84%
Trójkąt Warszawski Szlugi i Kalafiory
83%
6 Zer
82%
Trójkąt
82%
Następna stacja
80%
Szprycer Nostalgia
80%
Tamagotchi
80%
Wosk Wosk
75%
Chodź
74%
Fiji
74%
Mięso
74%
Marsz, Marsz
73%
Kryptowaluty
72%
Witaj W Hotelu Marmur
72%
Krwawa Jesień
71%
Tlen
71%
Żyrandol
71%
8 kobiet
69%
POCZTÓWKA Z WWA CZŁOWIEK Z DZIURĄ ZAMIAST KRTANI
69%
SANATORIUM
69%
ZTM
69%
Białkoholicy
67%
KABRIOLETY
67%
Awizo
66%
LECI NOWY FUTURE
65%
+4822
64%
Wszystko Jedno
64%
Anja
63%
Dele
63%
Przerywnik
63%
Soma
63%
ALERT RCB
62%
Wiatr
62%
WWA VHS
62%
900729
61%
A mówiłem ci
61%
Flagey Bakayoko
61%
Umowa o Dzieło Od Zera
61%
Wszystko Na Niby
61%
WUJEK DOBRA RADA
61%
2031
60%
Soma Intro
60%
Świecące Prostokąty
58%
TIJUANA
58%
100 Kmh
57%
ANTYSMOGOWA MASKA W MOIM CARRY-ON BAGGAGE
57%
515
56%
Czarna Kawa Czeka
56%
Adieu
55%
Art-B
55%
Karimata (Mute)
54%
Pokedex
54%
Reżyseria: Kubrick
54%
Żywot
54%
Motorola
53%
4 AM in Girona
52%
Grubo-Chude Psy
52%
Nóż
52%
Ekodiesel
51%
Koła
51%
Świat jest WFem
51%
Visa
51%
BXL
49%
Metalica 808
49%
Mgła I (Siwe Włosy)
49%
Portier!
49%
Ściany Mają Uszy
49%
Szczerze
49%
To By Było Na Tyle
49%
Tsunami Blond
49%
35
48%
Modigliani
48%
Saldo `07
48%
Wiem
47%
Mgła II (Mówisz, Masz)
46%
Italodisco
45%
Abonent jest czasowo niedostępny
44%
I.S.W.T
44%
WYTRAWNE (Z NUTĄ DESPERACJI)
44%
Głupi byt
43%
PIN
42%
Sectumsempra
42%
Mleko & miód
39%
Ślepe Sumy
38%
Jak Cień
34%
Giro d`Italia
33%
ALGORYTM
21%
WIELKI GATSBY Z BENZYNOWEJ STACJI / LATO W MIEŚCIE
18%
Nie znaleziono quizów pasujących do podanych kryteriów
Rozkład punktacji
Procent ludzi z każdym wynikiem
Percentyl według liczby udzielonych odpowiedzi
Twoja historia wyników
Nie rozwiązałeś tego quizu